MARC details
| 000 -CABECERA |
| campo de control de longitud fija |
02300nam a22003617a 4500 |
| 001 - NÚMERO DE CONTROL |
| campo de control |
BRCA_9196 |
| 003 - IDENTIFICADOR DEL NÚMERO DE CONTROL |
| campo de control |
FranzMayer |
| 005 - FECHA Y HORA DE LA ÚLTIMA TRANSACCIÓN |
| campo de control |
20220809133030.0 |
| 008 - DATOS DE LONGITUD FIJA--INFORMACIÓN GENERAL |
| campo de control de longitud fija |
220708b |||||||| |||| 00| 0 spa d |
| 020 ## - NÚMERO INTERNACIONAL ESTÁNDAR DEL LIBRO |
| Número Internacional Estándar del Libro |
9788494824425 |
| 040 ## - FUENTE DE LA CATALOGACIÓN |
| Lengua de catalogación |
spa |
| Centro/agencia transcriptor |
MFM |
| 041 ## - CÓDIGO DE LENGUA |
| Código de lengua del texto/banda sonora o título independiente |
spa |
| 050 ## - SIGNATURA TOPOGRÁFICA DE LA BIBLIOTECA DEL CONGRESO |
| Número de clasificación |
F1386.25 |
| Número de documento/Ítem |
Z63 2018 |
| 245 03 - MENCIÓN DE TÍTULO |
| Título |
El Zócalo 500 años : |
| Resto del título |
narrados desde el Palacio de Moctezuma |
| 260 ## - PUBLICACIÓN, DISTRIBUCIÓN, ETC. |
| Lugar de publicación, distribución, etc. |
España : |
| Nombre del editor, distribuidor, etc. |
Nacional Monte de Piedad, |
| -- |
El Viso, |
| Fecha de publicación, distribución, etc. |
2018 |
| 300 ## - DESCRIPCIÓN FÍSICA |
| Extensión |
162 p. : |
| Otras características físicas |
il y fot. col. ; |
| Dimensiones |
29 x 32 cm. |
| 500 ## - NOTA GENERAL |
| Nota general |
Ubicación: L59-N5 |
| 500 ## - NOTA GENERAL |
| Nota general |
Incluye imágenes de la Colección Museo Franz Mayer (pp. 3, 134) |
| 500 ## - NOTA GENERAL |
| Nota general |
Índice: pp. 10-11 |
| 504 ## - NOTA DE BIBLIOGRAFÍA, ETC. |
| Nota de bibliografía, etc. |
Bibliografía: pp. 155-162 |
| 505 2# - NOTA DE CONTENIDO CON FORMATO |
| Título |
Monte de Piedad: testigo, protagonista y hoy narrador de la Historia de México / |
| Mención de responsabilidad |
José Manuel del Barrio |
| 505 2# - NOTA DE CONTENIDO CON FORMATO |
| Título |
El Zócalo: |
| Mención de responsabilidad |
palimpsesto de tinta, piedra y memoria / |
| Información miscelánea |
Claudia Itzkowich Schñadower |
| 505 2# - NOTA DE CONTENIDO CON FORMATO |
| Título |
Ciudad indígena, ciudad española: poder, urbanismo y vida cotidiana en la Ciudad de México durante la primera mitad del siglo XVI / |
| Mención de responsabilidad |
Alejandro Alcántara Gallegos |
| 505 2# - NOTA DE CONTENIDO CON FORMATO |
| Título |
La Plaza Mayor de México y su vida cotidiana. Una mirada a partir de cronistas y viajeros / |
| Mención de responsabilidad |
Antonio Rubial García |
| 505 2# - NOTA DE CONTENIDO CON FORMATO |
| Título |
Ilusión, vivencia y tragedia. La Ciudad de México de las reformas borbónicas a la invasión de 1847 / |
| Mención de responsabilidad |
Leticia Mayer Celis |
| 505 2# - NOTA DE CONTENIDO CON FORMATO |
| Título |
Esa moderna manía de derrumbar y construir. Fiesta, higiene, salud y filantropía en la ciudad. De la reforma al porfiriato / |
| Mención de responsabilidad |
María Dolores Lorenzo Río |
| 505 2# - NOTA DE CONTENIDO CON FORMATO |
| Título |
El Centro Histórico aprende a renacer: de la Revolución de 1910 al siglo XXI / |
| Mención de responsabilidad |
Claudia Itzkowich Schñadower |
| 505 2# - NOTA DE CONTENIDO CON FORMATO |
| Título |
Algunas fechas y sucesos memorables / |
| Mención de responsabilidad |
Claudia Itzkowich Schñadower |
| 520 ## - SUMARIO, ETC. |
| Sumario, etc. |
Las páginas de este libro permiten viajar en el tiempo y, desde el ángulo norponiente del Zócalo, ser testigo de ceremonias, carnavales, batallas, catástrofes, fiestas y discretas escenas de la vida cotidiana, a través de la pluma de los especialistas Alejandro Alcántara, Antonio Rubial, Leticia Mayer, María Dolores Lorenzo y Claudia Itzkowich. |
| 651 ## - PUNTO DE ACCESO ADICIONAL DE MATERIA--NOMBRE GEOGRÁFICO |
| Nombre geográfico |
México |
| Subdivisión general |
Historia |
| Subdivisión geográfica |
Zócalo |
| 9 (RLIN) |
28435 |
| 942 ## - ELEMENTOS DE PUNTO DE ACCESO ADICIONAL (KOHA) |
| Fuente del sistema de clasificación o colocación |
Library of Congress Classification |
| Tipo de ítem Koha |
Libros |